[Event "TCh-NED Meesterklasse 2012-13"]
[Site "Den Bosch NED"]
[Date "2012.09.15"]
[Round "1.9"]
[White "Van Foreest,Jorden"]
[Black "Vedder,R"]
[Result "1/2-1/2"]
[WhiteElo "2224"]
[BlackElo "2268"]

1.Nf3 d5 2.c4 d4 3.g3 Nc6 4.Bg2 a5 5.O-O Nf6 6.d3 e5 7.e3 Be7 8.exd4 exd4
9.Bg5 O-O 10.a3 Nd7 11.Bxe7 Qxe7 12.Re1 Qf6 13.Nbd2 Nc5 14.Ne4 Nxe4 15.Rxe4 Bf5
16.Re1 Bg4 17.h3 Bh5 18.g4 Bg6 19.Qd2 a4 20.g5 Qf5 21.Re4 Qa5 22.Qxa5 Rxa5
23.Rf4 Bxd3 24.Nxd4 Rxg5 25.Nxc6 bxc6 26.Rd1 Bc2 27.Rd2 Bb3 28.Rd7 Rc5 29.Rxc7 g5
30.Rd4 Rxc4 31.Rxc4 Bxc4 32.Bxc6 Bb3 33.Ra7 Rb8  1/2-1/2

[Event "TCh-NED Meesterklasse 2012-13"]
[Site "Netherland NED"]
[Date "2012.09.15"]
[Round "1.2"]
[White "Braun,Christi2"]
[Black "Swinkels,R"]
[Result "0-1"]
[WhiteElo "2405"]
[BlackElo "2485"]

1.Nf3 d5 2.c4 e6 3.g3 c5 4.Bg2 Nc6 5.O-O Be7 6.b3 Nf6 7.Bb2 O-O 8.e3 b6 9.Nc3 dxc4
10.bxc4 Bb7 11.Qe2 Qc7 12.Rfd1 Rac8 13.Rac1 Qb8 14.d3 Rfd8 15.Ba1 Na5 16.Nb5 a6
17.Nc3 b5 18.Nb1 Qa8 19.Bc3 Nc6 20.Ne5 b4 21.Bb2 Nxe5 22.Bxb7 Qxb7 23.Bxe5 Nd7
24.Bb2 Bf6 25.Bxf6 Nxf6 26.Nd2 Rc7 27.Qf3 Qa7 28.Ne4 Nxe4 29.Qxe4 Rcd7 30.Rd2 h6
31.Rcd1 a5 32.d4 a4 33.Rd3 Qc7 34.dxc5 Rxd3 35.Rxd3 Rxd3 36.Qxd3 Qxc5 37.Qd8+ Kh7
38.Qd7 a3 39.Qd3+ Qf5 40.Qb3 Qe5 41.Qxb4 Qb2 42.Qd6 Qxa2 43.Qd3+ g6  0-1

[Event "TCh-NED Meesterklasse 2012-13"]
[Site "Netherland NED"]
[Date "2012.09.15"]
[Round "1.5"]
[White "Vandevoort,P"]
[Black "Ducarmon,Q"]
[Result "1/2-1/2"]
[WhiteElo "2390"]
[BlackElo "2410"]

1.Nf3 d5 2.c4 d4 3.g3 Nc6 4.Bg2 e5 5.d3 Bb4+ 6.Bd2 a5 7.O-O Nf6 8.Na3 O-O
9.Nc2 Be7 10.a3 a4 11.Nb4 Nd7 12.Nxc6 bxc6 13.e3 Bf6 14.exd4 exd4 15.Re1 Rb8
16.Bb4 c5 17.Ba5 Rxb2 18.Qxa4 Bb7 19.Rab1 Nb6 20.Bxb6 Rxb6 21.Rxb6 cxb6 22.Rb1 Bxf3
23.Bxf3 Qd6 24.Bd5 h5 25.Qa7 Bd8 26.Re1 Bc7 27.Qa4 h4 28.Re4 hxg3 29.hxg3 g6
30.Qd1 Kg7 31.Qe2 Bd8 32.Qf3 Bf6 33.Re2 Rh8 34.Rb2 Re8 35.Kf1 Re7 36.Bc6 Qc7
37.a4 Qa7 38.Bb5 Qa5 39.Re2 Qa7 40.Rxe7 Bxe7 41.Be8 Bd8 42.Qd5 Bf6 43.Qc6 Bd8
44.Kg2 Qe7 45.Kf1 Bc7 46.Qb5 Bd8 47.Bc6 Bc7 48.Bd5 Bd8 49.Qc6 Bc7 50.Qb7 Bd8  1/2-1/2

[Event "zt 3.5 China Men 2012"]
[Site "Beijing CHN"]
[Date "2012.09.17"]
[Round "6.4"]
[White "Yu Lie"]
[Black "Liu Qingnan"]
[Result "1/2-1/2"]
[WhiteElo "2406"]
[BlackElo "2491"]

1.Nf3 d5 2.c4 e6 3.b3 c5 4.cxd5 exd5 5.e3 Nf6 6.Bb2 Nc6 7.Be2 Be7 8.O-O O-O
9.d4 Be6 10.Nc3 Rc8 11.Rc1 cxd4 12.Nxd4 Nxd4 13.Qxd4 Bc5 14.Qh4 Be7 15.Qd4 Bc5
16.Qh4 Be7 17.Qd4 Bc5 18.Qh4  1/2-1/2

[Event "DYTM KL Open 2012"]
[Site "Kuala Lumpur MAS"]
[Date "2012.09.18"]
[Round "2.6"]
[White "Ng Tze Han"]
[Black "Nguyen Duc Hoa"]
[Result "1-0"]
[WhiteElo "2285"]
[BlackElo "2505"]

1.Nf3 d5 2.c4 e6 3.g3 Nf6 4.Bg2 Be7 5.O-O O-O 6.d4 c6 7.Nbd2 b6 8.Qc2 Ba6
9.b3 Nbd7 10.Bb2 Rc8 11.e4 Nxe4 12.Nxe4 dxe4 13.Qxe4 b5 14.c5 b4 15.Rfe1 Bb5
16.a4 bxa3 17.Rxa3 a6 18.h4 Re8 19.Raa1 h6 20.Qc2 Qc7 21.Bh3 Rcd8 22.Bc3 Ra8
23.Bd2 Ra7 24.Bf4 Qd8 25.Qd2 Bf8 26.Bg2 Be7 27.Bh3 Bf8 28.Bg2 Qa8 29.g4 Rd8
30.Qc1 a5 31.g5 a4 32.bxa4 Rxa4 33.Rxa4 Qxa4 34.gxh6 Bd3 35.hxg7 Bxg7 36.Bh6 Nf6
37.Bxg7 Kxg7 38.Qg5+ Bg6 39.h5 Rd5 40.h6+ Kh7 41.Qxf6 Kxh6 42.Qh8+ Bh7 43.Qf8+ Kg6
44.Ne5+  1-0

[Event "TCh-SRB Prem w 2012"]
[Site "Valjevo SRB"]
[Date "2012.09.21"]
[Round "5.2"]
[White "Manakova,M"]
[Black "Stojanovic,Andj"]
[Result "1/2-1/2"]
[WhiteElo "2304"]
[BlackElo "2263"]

1.Nf3 d5 2.c4 c6 3.e3 Nf6 4.Nc3 g6 5.d4 Bg7 6.Bd3 O-O 7.O-O Bg4 8.h3 Bxf3
9.Qxf3 e6 10.Rd1 Nbd7 11.b3 Re8 12.Bb2 Qe7 13.Qe2 dxc4 14.bxc4 e5 15.Qc2 exd4
16.exd4 Nh5 17.Bf1 Nf4 18.Kh1 Rad8 19.Rab1 Nb6 20.Qc1 Ne6 21.d5 Nd4 22.Qf4 Be5
23.Qg4 Nf5 24.Qf3 Nd4 25.Qe3 Nf5 26.Qd3 cxd5 27.Nxd5 Nxd5 28.cxd5 Bxb2 29.Rxb2 Nd6
30.Qd4  1/2-1/2

[Event "3rd Konig Memorial"]
[Site "San Francisco USA"]
[Date "2012.09.23"]
[Round "7"]
[White "Kraai,J"]
[Black "Shankland,S"]
[Result "1/2-1/2"]
[WhiteElo "2514"]
[BlackElo "2597"]

1.Nf3 d5 2.c4 c6 3.e3 Nf6 4.Nc3 e6 5.b3 Bd6 6.Bb2 O-O 7.Qc2 e5 8.cxd5 cxd5
9.Nb5 Nc6 10.Nxd6 Qxd6 11.Be2 Bg4 12.d3 Rac8 13.Qd1 e4 14.dxe4 Qb4+ 15.Qd2 Nxe4
16.Qxb4 Nxb4 17.O-O Nc3 18.Bxc3 Rxc3 19.h3 Bh5 20.Rfd1  1/2-1/2

[Event "TCh-SUI National A 2012"]
[Site "Switzerland SUI"]
[Date "2012.09.23"]
[Round "7.2"]
[White "Prusikin,M"]
[Black "Stojanovic,Mih"]
[Result "0-1"]
[WhiteElo "2545"]
[BlackElo "2579"]

1.Nf3 d5 2.c4 e6 3.g3 Nf6 4.Bg2 dxc4 5.Qa4+ c6 6.Qxc4 b5 7.Qc2 Bb7 8.O-O Nbd7
9.Nc3 Rc8 10.d3 Be7 11.e4 O-O 12.h3 a6 13.a4 a5 14.Be3 Ba6 15.Ne2 Bb4 16.Rfd1 Qe7
17.Ned4 Nc5 18.Ne5 Bb7 19.Rac1 Nfd7 20.Nxd7 Qxd7 21.Ne2 Na6 22.d4 Be7 23.Nf4 Nb4
24.Qe2 bxa4 25.e5 Nd5 26.Be4 g6 27.h4 a3 28.Bxd5 cxd5 29.Ra1 axb2 30.Qxb2 a4
31.h5 Ba6 32.Kg2 Rb8 33.Qc2 g5 34.Nh3 h6 35.f4 Rfc8 36.Qxa4 Rb2+ 37.Nf2 Qxa4
38.Rxa4 Be2 39.Rd2 Rxd2 40.Bxd2 Rc2 41.Bb4 Bxb4 42.Rxb4 Bxh5 43.fxg5 hxg5
44.Rb3 Be2 45.g4 Rd2 46.Kg3 Rxd4 47.Re3 Bd1 48.Re1 Bc2 49.Nh3 Rd3+ 50.Kh2 Rd2+
51.Kg3 Rd3+ 52.Kh2 Bd1 53.Nf2 Rd2 54.Kg3 Be2 55.Rh1 Kg7 56.Rh5 Bd3  0-1

[Event "TCh-SRB Prem w 2012"]
[Site "Valjevo SRB"]
[Date "2012.09.23"]
[Round "7.2"]
[White "Vuckovic,J"]
[Black "Vujic Katanic,B"]
[Result "1/2-1/2"]
[WhiteElo "1856"]
[BlackElo "2099"]

1.Nf3 d5 2.c4 d4 3.d3 Nc6 4.g3 e5 5.Bg2 Nf6 6.O-O Be7 7.Nbd2 O-O 8.a3 a5
9.Qc2 Re8 10.Rb1 Bf5 11.Ng5 Bg4 12.Re1 Nd7 13.Ngf3 Bf8 14.Nf1 f6 15.h3 Bh5
16.g4 Bg6 17.Ng3 a4 18.Bd2 Ra7 19.Nh4 Bf7 20.Nf3 g6 21.Ne4 h6 22.Ng3 Kh7
23.Kh1 Qe7 24.e4 Nc5 25.Nh2 Nb3 26.Rf1 Be6 27.f4 exf4 28.Bxf4 Qd7 29.Rbe1 Nc5
30.Rf2  1/2-1/2

[Event "30th Balaton IM"]
[Site "Heviz HUN"]
[Date "2012.09.25"]
[Round "3.1"]
[White "Polajzer,D"]
[Black "Stips,F"]
[Result "1/2-1/2"]
[WhiteElo "2300"]
[BlackElo "2221"]

1.Nf3 d5 2.c4 c6 3.d4 Nf6 4.e3 Bg4 5.Nc3 e6 6.h3 Bh5 7.cxd5 Bxf3 8.Qxf3 cxd5
9.Bd3 Nc6 10.Bd2 Be7 11.g4 Rc8 12.O-O-O Nb4 13.Bb5+ Nd7 14.Kb1 a6 15.Bxd7+ Qxd7
16.a3 Nc6 17.Rc1 b5 18.Na2 O-O 19.Rc2 a5 20.Qe2 b4 21.axb4 axb4 22.Qb5 b3
23.Qxb3 Qa7 24.Qb5 Ra8 25.b3 Rfb8 26.Qxc6 Rxb3+ 27.Kc1 Ra3 28.Kd1 Rxa2 29.Ke2 Rxc2
30.Qxc2  1/2-1/2

[Event "Tatry Open 2012"]
[Site "Tatranske Zruby SVK"]
[Date "2012.09.25"]
[Round "4.29"]
[White "Obona,J"]
[Black "Sosovicka,M"]
[Result "1/2-1/2"]
[WhiteElo "2147"]
[BlackElo "2035"]

1.Nf3 d5 2.c4 d4 3.b4 f6 4.Bb2 e5 5.e3 d3 6.e4 Bxb4 7.Qb3 Nc6 8.Bxd3 Nge7
9.O-O O-O 10.Be2 Bc5 11.Nc3 Nd4 12.Nxd4 Bxd4 13.Ba3 Re8 14.Rab1 Rb8 15.Nd5 Ng6
16.Bh5  1/2-1/2

[Event "Vladivostok Russian Cup 2012"]
[Site "Vladivostok RUS"]
[Date "2012.09.25"]
[Round "9.22"]
[White "I,G"]
[Black "Muratov,S"]
[Result "1-0"]
[WhiteElo "2162"]
[BlackElo "2250"]

1.Nf3 d5 2.c4 c6 3.g3 Nf6 4.Bg2 e6 5.b3 Be7 6.O-O O-O 7.Bb2 Nbd7 8.Qc2 Re8
9.d3 Bf8 10.e4 dxe4 11.dxe4 e5 12.Rd1 Qc7 13.Nbd2 a5 14.a3 Nc5 15.h3 h6 16.Bc3 Nfd7
17.Nf1 a4 18.b4 Nb3 19.Rab1 Nb6 20.Ne3 g6 21.c5 Nd7 22.Nc4 Bg7 23.Qb2 f6
24.Nh4 Nf8 25.Nb6 Rb8 26.Nxa4 Be6 27.Rd6 Bf7 28.Rbd1 Red8 29.f4 b5 30.cxb6 Rxd6
31.bxc7 Rxd1+ 32.Kh2 Rc8 33.fxe5 fxe5 34.Nb6 Rxc7 35.Bxe5 Bxe5 36.Qxe5 Rb7
37.Nc8 Rdd7 38.Nd6 Ra7 39.Nxf7 Kxf7 40.Qb2 Nd4 41.e5 g5 42.Qf2+ Kg8 43.Nf3 Nxf3+
44.Qxf3 Ra6 45.a4 Re7 46.Qc3 Re6 47.Qc4 Rxa4 48.Bxc6 Rxb4 49.Qxb4 Rxc6 50.Kg2 Re6
51.Qb8 Kf7 52.Kf3 Ng6 53.Qc7+ Re7 54.Qc4+ Kg7 55.Qd4 Nxe5+ 56.Ke4 Kf7 57.Kf5 Ng6
58.Qf6+  1-0

[Event "TCh-Moscow 2012"]
[Site "Moscow RUS"]
[Date "2012.09.26"]
[Round "2.4"]
[White "Akhmetov,Ar"]
[Black "Lebedev,Alexander2"]
[Result "1/2-1/2"]
[WhiteElo "2483"]
[BlackElo "2307"]

1.Nf3 d5 2.c4 e6 3.d4 Nf6 4.Nc3 Nbd7 5.cxd5 exd5 6.Bg5 c6 7.e3 Be7 8.Bd3 O-O
9.Qc2 Re8 10.O-O Nf8 11.h3 Be6 12.Rab1 Rc8 13.b4 a6 14.Rb2 h6 15.Bf4 N8d7
16.Na4 b5 17.Nc5 Nxc5 18.bxc5 Ne4 19.a4 Bf6 20.Ra1 g5 21.Bh2 Bg7 22.axb5 axb5
23.Ra6 Bd7 24.Rba2 h5 25.Ne5 g4 26.hxg4 hxg4 27.Ra7 Be6 28.Bf4 f6 29.Nxc6 Rxc6
30.Bxb5 Rc8 31.Bxe8 Qxe8 32.Rb2 Qg6 33.c6 Bh6 34.Rbb7 Bxf4 35.exf4 g3 36.fxg3 Qxg3
37.Rg7+ Qxg7 38.Rxg7+ Kxg7 39.c7 f5 40.Qc6 Kf6 41.Kf1 Ke7 42.Ke1 Nd6 43.Ke2 Ne8
44.Qc5+ Kf7 45.g4 Rxc7 46.Qa5 fxg4 47.f5 Bxf5 48.Qxd5+ Kg6 49.Qg8+ Ng7 50.Qb8 Rc2+
51.Ke1 Ne6 52.d5 Ng5 53.Qg8+ Kf6 54.Qd8+ Kg6 55.Qg8+ Kh5 56.Qh8+ Bh7 57.d6 g3
58.d7 g2 59.Qe8+ Kg4 60.Qe3 Rc1+ 61.Kd2 g1=Q 62.Qxg1+ Rxg1 63.d8=Q Rg2+ 64.Kc3 Rg3+
65.Kb4 Rf3 66.Qd7+ Bf5 67.Qd1 Nh3 68.Ka5 Nf2 69.Qg1+ Kf4 70.Qh2+ Ke3 71.Qh6+ Ke2
72.Qh5 Bg4 73.Qe8+ Re3 74.Qh8 Ra3+ 75.Kb4 Re3  1/2-1/2

[Event "Tatry Open 2012"]
[Site "Tatranske Zruby SVK"]
[Date "2012.09.26"]
[Round "5.37"]
[White "Plasil,Petr"]
[Black "Kernazhitsky,L"]
[Result "0-1"]
[WhiteElo "2000"]
[BlackElo "2305"]

1.Nf3 d5 2.c4 c6 3.d4 Nf6 4.cxd5 cxd5 5.Nc3 Nc6 6.Bf4 a6 7.e3 e6 8.a3 Bd6
9.Bxd6 Qxd6 10.Bd3 O-O 11.O-O Bd7 12.Qe2 Rfc8 13.Rfc1 Na5 14.Qd1 Nc4 15.Bxc4 dxc4
16.Ne5 b5 17.Qf3 Be8 18.Rd1 Rab8 19.Na2 a5 20.Qe2 Nd5 21.Rdc1 f6 22.Nf3 Bg6
23.Ne1 Nb6 24.Qd2 Ra8 25.f3 Rd8 26.Rd1 Na4 27.Qe2 Nb6 28.e4 Be8 29.Nc2 Na4
30.Rab1 Rab8 31.Qd2 Qa6 32.Kh1 Nc5 33.Qe3 Nd3 34.Nc1 Nxc1 35.Rdxc1 b4 36.Qd2 Qb6
37.Rd1 Ba4 38.Rbc1 Rbc8 39.axb4 axb4 40.g3 c3 41.bxc3 Rxc3 42.Re1 Bxc2 43.Rxc2 Rxd4
44.Qf2 Rxc2 45.Qxc2 b3 46.Qc3 Rd8 47.Kg2 Qb5 48.Qe3 Qb4 49.Rb1 b2 50.Kh3 Qd2
51.Qxd2 Rxd2 52.g4 Kf7 53.Kg3 Ke7 54.h4 Kd6 55.f4 Kc5 56.Kf3 Kd4  0-1

[Event "Tatry Open 2012"]
[Site "Tatranske Zruby SVK"]
[Date "2012.09.26"]
[Round "5.5"]
[White "Pcola,Pa"]
[Black "Pinter,E"]
[Result "1/2-1/2"]
[WhiteElo "2393"]
[BlackElo "2379"]

1.Nf3 d5 2.c4 c6 3.g3 Nf6 4.Bg2 g6 5.O-O Bg7 6.d4 O-O 7.Nc3 Nbd7 8.cxd5 cxd5
9.Bf4 Nb6 10.Qc1 Bd7 11.Bh6 Rc8 12.Bxg7 Kxg7 13.Qd1 Nc4 14.Qb3 Na5 15.Qd1 Nc4
16.Qb3 Na5 17.Qd1  1/2-1/2

[Event "TCh-SRB Prem 2012"]
[Site "Valjevo SRB"]
[Date "2012.09.26"]
[Round "10.3"]
[White "Arsovic,Z"]
[Black "Jovic,Ste"]
[Result "1-0"]
[WhiteElo "2434"]
[BlackElo "2302"]

1.Nf3 d5 2.c4 c6 3.g3 Nf6 4.Bg2 Bf5 5.cxd5 cxd5 6.Qb3 Qc8 7.Nc3 e6 8.O-O Nc6
9.d3 Be7 10.Bf4 O-O 11.Rac1 Qd7 12.e4 Bg6 13.exd5 Nxd5 14.Nxd5 exd5 15.Ne5 Nxe5
16.Bxe5 Rac8 17.Qxd5 Qxd5 18.Bxd5 Bxd3 19.Bxb7 Rce8 20.Rfe1 Bb4 21.Bc3 Bxc3
22.Rxe8 Rxe8 23.Rxc3 Bf5 24.Bd5 Re7 25.Rb3 Be6 26.Rb8+  1-0

[Event "Leicester H.E. Atkins Open 2012"]
[Site "Leicester ENG"]
[Date "2012.09.28"]
[Round "1"]
[White "Colburn,Paul J"]
[Black "Barnes,M"]
[Result "0-1"]
[WhiteElo "1988"]
[BlackElo "2195"]

1.Nf3 d5 2.c4 c6 3.g3 Bg4 4.Ne5 Bc8 5.Bg2 f6 6.Nf3 e5 7.d4 e4 8.Nfd2 f5 9.Nc3 Nf6
10.Qa4 Be7 11.e3 O-O 12.b4 dxc4 13.b5 Be6 14.Nxc4 cxb5 15.Qxb5 a6 16.Qxb7 Bxc4
17.Qxa8 Qc7 18.Nxe4 fxe4 19.Bxe4 Nxe4 20.Qxe4 Bb4+ 21.Bd2 Bxd2+ 22.Kxd2 Qa5+
23.Kd1 Bd5 24.Qe5 Bf3+  0-1

[Event "1st Simon Bolivar Open 2012"]
[Site "San Cristobal VEN"]
[Date "2012.09.28"]
[Round "7.18"]
[White "Vittorino,C"]
[Black "Escobar Forero,A"]
[Result "0-1"]
[WhiteElo "2287"]
[BlackElo "2460"]

1.Nf3 d5 2.c4 c6 3.d4 Nf6 4.Nc3 a6 5.c5 Nbd7 6.Bf4 Nh5 7.e3 Nxf4 8.exf4 b6
9.b4 g6 10.Bd3 Qc7 11.Qd2 Bh6 12.g3 a5 13.cxb6 Qxb6 14.bxa5 Rxa5 15.O-O O-O
16.Rfb1 Qa7 17.a4 e6 18.Ra2 f6 19.Qe1 Re8 20.f5 gxf5 21.Bxf5 Nf8 22.Rab2 Qf7
23.Bh3 Ra7 24.Rb6 Rc7 25.Qd1 Nd7 26.R6b3 Ra7 27.R1b2 Qh5 28.Kg2 Ba6 29.Na2 Bc4
30.Rb7 Rxb7 31.Rxb7 Nf8 32.Nb4 e5 33.dxe5 fxe5 34.Qa1 d4 35.Nxd4 exd4 36.Qxd4 Bf1+  0-1

[Event "Tatry Open 2012"]
[Site "Tatranske Zruby SVK"]
[Date "2012.09.28"]
[Round "7.68"]
[White "Plasil,Petr"]
[Black "Pelowski,Zdzislaw"]
[Result "1/2-1/2"]
[WhiteElo "2000"]
[BlackElo "1646"]

1.Nf3 d5 2.c4 c6 3.d4 Nf6 4.Nc3 g6 5.h3 Bg7 6.Bf4 O-O 7.e3 b6 8.Bd3 Bb7 9.O-O e6
10.Rc1 Na6 11.a3 c5 12.Qe2 dxc4 13.Bxc4 cxd4 14.Bxa6 Bxa6 15.Qxa6 dxc3 16.Rxc3 Nd5
17.Rd3 Qe7 18.Bg3 Bxb2 19.e4 Nc3 20.Bd6 Qe8 21.Re3 Qc6 22.Bxf8 Kxf8 23.Ne5 Qc8
24.Qd3 Ne2+ 25.Rxe2 Bxe5 26.Rd1 Bf6 27.Qe3 Kg7 28.Rc1 Qd7 29.e5 Be7 30.Rd2 Qa4
31.Rc7 Qxa3 32.Qf4 g5 33.Qc4 Rf8 34.Rdd7 Bc5 35.Qe2 Qc1+ 36.Rd1 Bxf2+ 37.Qxf2 Qxd1+
38.Kh2 Qh5 39.Rxa7 Rb8 40.Ra3 Kg8 41.Rb3 b5 42.Qa7 Rd8 43.Qe7 Rf8 44.Rxb5 Qg6
45.Rb4 Qf5 46.Qd6 h5 47.Qd4 h4 48.Rb2 Kg7 49.Rf2 Qg6 50.Qg4 f5 51.exf6+ Rxf6
52.Qd4 Qf7 53.Ra2 Qc7+ 54.Kg1 Qc1+ 55.Kh2 Qf4+ 56.Qxf4 Rxf4 57.g3 hxg3+ 58.Kxg3 Kf6
59.Ra8 Kf5 60.Rf8+ Ke4 61.Rg8  1/2-1/2

[Event "TCh-FIN SM 2012-13"]
[Site "Helsinki FIN"]
[Date "2012.09.29"]
[Round "1.4"]
[White "Virtanen,A"]
[Black "Kokkila,T"]
[Result "1-0"]
[WhiteElo "2343"]
[BlackElo "2323"]

1.Nf3 d5 2.c4 c6 3.e3 Nf6 4.Nc3 e6 5.b3 Bd6 6.Bb2 O-O 7.Be2 Nbd7 8.Qc2 a6
9.d4 Qe7 10.O-O b5 11.e4 dxe4 12.Nxe4 Nxe4 13.Qxe4 Bb7 14.Bd3 Nf6 15.Qh4 Ba3
16.Ne5 Bxb2 17.Bxh7+ Kh8 18.Bg6+ Kg8 19.Bxf7+ Qxf7 20.Nxf7 Rxf7 21.Rad1 bxc4
22.bxc4 c5 23.dxc5 e5 24.Rd6 Rc8 25.Qh3 Rcf8 26.Rfd1 Bd4 27.R6xd4 exd4 28.Rxd4 Ne4
29.f3 Nxc5 30.Rh4 g6 31.Rh8+ Kg7 32.Qh6+  1-0

[Event "Leicester H.E. Atkins Open 2012"]
[Site "Leicester ENG"]
[Date "2012.09.30"]
[Round "5"]
[White "Colburn,Paul J"]
[Black "Alvarez Jimenez,A"]
[Result "0-1"]
[WhiteElo "1988"]
[BlackElo "1813"]

1.Nf3 d5 2.c4 d4 3.g3 Nc6 4.Bg2 e5 5.d3 Nf6 6.O-O h6 7.b4 e4 8.dxe4 Bxb4
9.Qc2 Bc5 10.Rd1 Ng4 11.e3 Nb4 12.Qb2 Be6 13.Na3 d3 14.Qxg7 Ke7 15.Bb2 Rg8
16.Qc3 Qd6 17.Nd4 Bd7 18.Nab5 Qb6 19.a4 Rac8 20.Ba3 a5 21.Nf5+ Bxf5 22.exf5 f6
23.Bxb4 axb4 24.Qxd3 Ne5 25.Qd5 Rcd8 26.Qxb7 Qxb7 27.Bxb7 c6 28.Nd4 Bxd4
29.exd4 Nf3+ 30.Kg2 Nxd4 31.a5 Nb3 32.Rxd8 Kxd8 33.Rd1+ Kc7 34.a6 Na5 35.c5 b3
36.Rd4 Nxb7 37.axb7 Rb8 38.Rd2 Rxb7 39.Rb2 Rb5 40.g4 Kb7 41.Kf3 Ka6 42.Ke3 Ka5
43.Kd2 Ka4 44.Kc1 Rxc5+ 45.Kb1 Re5 46.Rd2 Ka3 47.Rd1 c5 48.f4 Re4 49.g5 hxg5
50.fxg5 fxg5 51.Kc1 c4 52.Rd6 b2+ 53.Kd2 Ka2 54.Ra6+ Kb1 55.Rb6 Rf4 56.f6 Rf2+
57.Ke3 Rf1 58.Ke2 Rxf6 59.Rxf6 Kc2 60.Rc6 c3 61.Rc5 b1=Q 62.Rxg5 Qd1+  0-1

[Event "Oslo GM Open 2012"]
[Site "Oslo NOR"]
[Date "2012.09.30"]
[Round "1.13"]
[White "Kvisla,J"]
[Black "Hole,O"]
[Result "1/2-1/2"]
[WhiteElo "2134"]
[BlackElo "2366"]

1.Nf3 d5 2.c4 c6 3.e3 Nf6 4.Nc3 a6 5.cxd5 cxd5 6.b3 Nc6 7.d4 Bf5 8.Be2 e6
9.O-O Rc8 10.Bb2 Bd6 11.Rc1 h6 12.Na4 O-O 13.Nc5 Qb6 14.Nd3 Nb4 15.Nxb4 Bxb4
16.Ne5 Qd6 17.Bd3 Bxd3 18.Qxd3 Ba3 19.Qe2 Qb4 20.Nd3 Qa5 21.Bxa3 Qxa3 22.Qb2 Qxb2  1/2-1/2

[Event "Tatry Open 2012"]
[Site "Tatranske Zruby SVK"]
[Date "2012.09.30"]
[Round "9.14"]
[White "Obona,J"]
[Black "Prandstetter,E"]
[Result "1/2-1/2"]
[WhiteElo "2147"]
[BlackElo "2274"]

1.Nf3 d5 2.c4 e6 3.g3 Nf6 4.Bg2 Be7 5.O-O O-O 6.b3 c5 7.Bb2 Nc6 8.e3 dxc4
9.bxc4 Qc7 10.d3 Rd8 11.Qb3 a6 12.Rd1 e5 13.Nc3 Be6 14.e4 Bg4 15.Nd5 Nxd5
16.exd5 Nd4 17.Bxd4 exd4 18.Re1 Bd6 19.Nd2 Rab8 20.a4 b6 21.Qb2 Bd7 22.Qc2 h6
23.Ne4 Bf8 24.Qd1 Re8 25.Qf3 f5 26.Nd2 Bd6 27.h4 Rxe1+ 28.Rxe1 Rf8 29.Qd1 Qd8
30.f4 Re8 31.Nf3 Rxe1+ 32.Qxe1 Qe8 33.Qb1 Qd8 34.Qb3 Qc7 35.Qd1 Qb8 36.Qb3 Be8
37.Qb1 Bxa4 38.Qa2 Qe8 39.Ne5 b5 40.cxb5 axb5 41.Kh2 g5 42.Qe2 Bb3 43.hxg5 hxg5
44.Bh3 Bxd5 45.Bxf5 Bxe5 46.fxe5 Kg7 47.Bh3 Be6 48.Bg2 b4 49.Qd2 Qh5+ 50.Kg1 b3
51.Qc1 c4 52.dxc4 Qg4 53.Qd2 Bxc4 54.Qf2 Bf7 55.Qf6+ Kg8 56.Qd8+ Kg7 57.Qf6+ Kg8
58.Qd8+ Kh7 59.Qf6 Qd1+ 60.Kh2 Qh5+ 61.Kg1 Qg6 62.Be4 Qxe4 63.Qxf7+ Kh6 64.Qe6+ Kh5
65.Qh3+ Kg6 66.Qe6+ Kg7 67.Qe7+ Kh6 68.Qe6+ Qg6 69.Qxb3 d3 70.Qd5 Qf5 71.Qd6+ Kh5
72.e6 Qe4 73.e7 Qe1+ 74.Kg2 Qe2+ 75.Kg1 Kg4 76.e8=Q Qxe8 77.Qxd3 Qe5 78.Kg2 Qb2+
79.Kg1 Kh3 80.g4+ Kh4 81.Qf3 Qd4+ 82.Kf1 Qc4+ 83.Kf2 Qd4+ 84.Kf1  1/2-1/2

[Event "Tatry Open 2012"]
[Site "Tatranske Zruby SVK"]
[Date "2012.09.30"]
[Round "9.41"]
[White "Marek,Mat"]
[Black "Mitura,V"]
[Result "0-1"]
[WhiteElo "1965"]
[BlackElo "2169"]

1.Nf3 d5 2.c4 c6 3.b3 Bf5 4.Bb2 e6 5.g3 h6 6.Bg2 Nf6 7.O-O a5 8.d3 Be7 9.Nbd2 O-O
10.Re1 Bh7 11.e4 Na6 12.Ne5 a4 13.d4 Bb4 14.exd5 exd5 15.Rc1 Ne4 16.Bxe4 Bxe4
17.Re3 Bxd2 18.Qxd2 Nc7 19.Qb4 axb3 20.axb3 Ra2 21.Bc3 Qc8 22.f3 Na6 23.Qxf8+ Kxf8
24.b4 f6 25.cxd5 Bxd5 26.Ng6+ Kf7 27.Ne7 Qc7  0-1

[Event "TCh-Belgrade Premier 2012"]
[Site "Belgrade SRB"]
[Date "2012.10.01"]
[Round "1.3"]
[White "Mirkovic,Sl"]
[Black "Dimitrijevic,R"]
[Result "1/2-1/2"]
[WhiteElo "2343"]
[BlackElo "2256"]

1.Nf3 d5 2.c4 e6 3.b3 Nf6 4.Bb2 Be7 5.g3 O-O 6.Bg2 b6 7.cxd5 exd5 8.O-O Bb7
9.d4 Nbd7 10.Nc3 Re8 11.Rc1  1/2-1/2

[Event "34th Rashid Nezhmetdinov Cup"]
[Site "Kazan RUS"]
[Date "2012.10.01"]
[Round "6.6"]
[White "Iskusnyh,S"]
[Black "Predke,A"]
[Result "0-1"]
[WhiteElo "2486"]
[BlackElo "2496"]

1.Nf3 d5 2.c4 e6 3.g3 dxc4 4.Bg2 a6 5.O-O Nc6 6.Qc2 e5 7.Qxc4 Be7 8.b3 Be6
9.Qc2 f5 10.d3 Qd7 11.Bb2 Bf6 12.Nc3 Qf7 13.Na4 Nge7 14.Nc5 Bc8 15.Rac1 Rb8
16.Nxa6 bxa6 17.Ng5 Bxg5 18.Bxc6+ Nxc6 19.Qxc6+ Bd7 20.Qxc7 O-O 21.e3 f4
22.Bxe5 fxe3 23.f4 Bf6 24.Bxf6 gxf6 25.Qa7 Qe7 26.Rc7 Rbd8 27.Re1 e2 28.Rc2 Rfe8
29.Kf2 Bg4 30.Qxe7 Rxe7 31.h3 Bxh3 32.Rexe2 Rxe2+ 33.Kxe2 Re8+ 34.Kd2 Bg4
35.a4 Re2+ 36.Kc3 Re3 37.Rd2 Rxg3 38.Kb4 h5 39.Ka5 h4 40.Kxa6 h3  0-1

[Event "TCh-Belgrade Premier 2012"]
[Site "Belgrade SRB"]
[Date "2012.10.03"]
[Round "3.5"]
[White "Pantic,I"]
[Black "Markovic,Mis"]
[Result "0-1"]
[WhiteElo "2221"]
[BlackElo "2188"]

1.Nf3 d5 2.c4 e6 3.e3 Nf6 4.Nc3 c6 5.b3 Be7 6.Bb2 Nbd7 7.d4 Ne4 8.Nxe4 dxe4
9.Nd2 f5 10.Be2 O-O 11.O-O Bd6 12.g3 b6 13.d5 Ne5 14.Rc1 c5 15.Nb1 Bb7 16.Nc3 exd5
17.Nxd5 Qg5 18.Nxb6 Rad8 19.Nd5 h5 20.h4 Qh6 21.Bxh5 Nd3 22.Rc2 g5 23.hxg5 Qxg5
24.Kg2 Rd7 25.Rh1 Rh7 26.Rh3 f4 27.g4 Bxd5 28.cxd5 fxe3 29.fxe3 Rf3 30.Rxf3 exf3+
31.Kf1 Rxh5 32.gxh5 Qxh5 33.Qxd3 Qh1+ 34.Kf2 Qg2+ 35.Ke1 Bg3+ 36.Rf2 Qxf2+
37.Kd1 Qe1+ 38.Kc2 Qe2+ 39.Qd2  0-1

[Event "TCh-Moscow 2012"]
[Site "Moscow RUS"]
[Date "2012.10.03"]
[Round "5.2"]
[White "Akhmetov,Ar"]
[Black "Stukopin,A"]
[Result "1/2-1/2"]
[WhiteElo "2483"]
[BlackElo "2494"]

1.Nf3 d5 2.c4 dxc4 3.e3 Nf6 4.Bxc4 e6 5.d4 a6 6.O-O c5 7.dxc5 Qxd1 8.Rxd1 Bxc5
9.Nbd2 O-O 10.Nb3 Be7 11.Be2 Nc6 12.Nfd2 Rd8 13.Nc4 Rxd1+ 14.Bxd1 Bd7 15.Bd2 Ne4
16.Be1 Rb8 17.Rc1 Nc5 18.Nxc5 Bxc5 19.Ne5 Nxe5 20.Rxc5 Nd3 21.Rc7 Bc6 22.Bc3 Nc5
23.Bh5 g6 24.Bf3 Bxf3 25.gxf3 b6 26.Bf6 a5 27.a3 a4 28.Kg2 Kf8 29.Kg3 Ke8
30.Re7+ Kf8 31.Ra7 Ke8 32.Kg4 Rb7 33.Ra8+ Kd7 34.Kg5 h5 35.Kh6 Kc6 36.Kg7 Kb5
37.Rf8 Kc4 38.Rxf7 Rxf7+ 39.Kxf7 Kb3 40.Kxg6 Nd3 41.Kxh5 Nxb2 42.Kg6 Kxa3
43.h4 Kb3 44.h5 a3 45.h6 a2 46.h7 a1=Q 47.h8=Q Qg1+ 48.Kf7 Qxf2 49.Qe8 Kc2
50.Qc6+ Kd1 51.Qe4 Ke2 52.Bxb2 Qxf3+ 53.Qxf3+ Kxf3 54.Bc1 b5 55.Kxe6 Ke4
56.Kd6 b4 57.Kc5 b3 58.Kc4 b2  1/2-1/2

[Event "TCh-Belgrade Premier 2012"]
[Site "Belgrade SRB"]
[Date "2012.10.05"]
[Round "5.4"]
[White "Hrzic,I"]
[Black "Certic,B"]
[Result "1/2-1/2"]
[WhiteElo "2290"]
[BlackElo "2407"]

1.Nf3 d5 2.c4 dxc4 3.e3 g6 4.Bxc4 Bg7 5.d4 Nc6 6.O-O e6 7.a3 a5 8.b3 Nge7
9.Bb2 Nf5 10.Nc3 O-O  1/2-1/2

[Event "TCh-AUT 2 West 2012-13"]
[Site "Hohenems AUT"]
[Date "2012.10.05"]
[Round "1.6"]
[White "Matt,F"]
[Black "Kessler,L"]
[Result "0-1"]
[WhiteElo "2233"]
[BlackElo "2228"]

1.Nf3 d5 2.c4 e6 3.b3 Nf6 4.Bb2 Be7 5.e3 O-O 6.d4 c5 7.Bd3 Nc6 8.O-O b6 9.Nbd2 dxc4
10.Nxc4 Bb7 11.a3 cxd4 12.Nxd4 Nxd4 13.Bxd4 Qd5 14.f3 Bc5 15.Bxc5 Qxc5 16.b4 Qc7
17.Qe2 Rfd8 18.Rfd1 Rac8 19.b5 h6 20.Rac1 Qc5 21.Rc2 Qe7 22.Qd2 e5 23.Qb4 Qxb4
24.axb4 e4 25.Be2 Rxd1+ 26.Bxd1 exf3 27.gxf3 Nd5 28.Nd6 Rxc2 29.Bxc2 Nxb4
30.Bd1 Ba8 31.Nc8 Nd5 32.Kf2 Nc3 33.Be2 Nxe2 34.Kxe2 Kf8 35.Nxa7 Bb7 36.Kd3 Ke7
37.f4 f5 38.h4 Kd6 39.Kd4 g6 40.Kc4 Kc7 41.Kd4 Kd6 42.Kc4 h5 43.Kd4 Ke6 44.Kc4 Kd7
45.Kd4 Kd6 46.Kc4 Kc7 47.Kd4 Bf3 48.e4 Bxe4 49.Ke5 Kb7 50.Kf6 Kxa7 51.Kxg6 Bf3
52.Kxf5 Kb7 53.Kf6 Kc7 54.f5 Kd7 55.Kf7 Be2 56.f6 Bxb5 57.Kg6 Bc4 58.Kxh5 b5
59.Kg6 Ke8 60.h5 Bf7+  0-1

[Event "3rd Copa Latino-Americana"]
[Site "Cali COL"]
[Date "2012.10.06"]
[Round "5.4"]
[White "Nunez V,G"]
[Black "Perez Garcia,Rodn"]
[Result "1/2-1/2"]
[WhiteElo "2234"]
[BlackElo "2418"]

1.Nf3 d5 2.c4 c6 3.g3 Nf6 4.Bg2 dxc4 5.Qc2 Nbd7 6.Qxc4 Nb6 7.Qc2 g6 8.O-O Bf5
9.d3 Bg7 10.Nbd2 O-O 11.h3 Qc8 12.Kh2 c5  1/2-1/2

[Event "TATA 50th ch-IND National Premier"]
[Site "Kolkata IND"]
[Date "2012.10.06"]
[Round "6.1"]
[White "Venkatesh,M"]
[Black "Gopal,G"]
[Result "1/2-1/2"]
[WhiteElo "2511"]
[BlackElo "2544"]

1.Nf3 d5 2.c4 c6 3.g3 Bg4 4.Bg2 e6 5.cxd5 exd5 6.Qa4 Nf6 7.Ne5 Bh5 8.g4 Bg6
9.g5 Nfd7 10.Nxg6 hxg6 11.h4 Na6 12.Nc3 Nac5 13.Qc2 Ne6 14.e3 Bd6 15.d4 Qe7
16.Ne2 Bb4+ 17.Kf1 Nb6 18.a3 Bd6 19.b4 a6 20.e4 dxe4 21.Bxe4 Nd5 22.Bf3 Kf8
23.Bd2 Re8 24.Re1 Qd8 25.Kg2 Kg8 26.Bxd5 cxd5 27.Qb3 Nc7 28.Qf3 Re4 29.h5 Qd7
30.hxg6 fxg6 31.Rxh8+ Kxh8 32.Rh1+ Kg8 33.Be3 Qf5 34.Qxf5 gxf5 35.Kf3 Ne6
36.Nc3 Nxd4+ 37.Bxd4 Rxd4 38.Ke3 Be5 39.g6 Bf6 40.Rh5 f4+ 41.Ke2 f3+ 42.Ke3 Rg4
43.Nxd5 Rxg6 44.Kxf3  1/2-1/2